| 000 | 00793nam a2200229 i 4500 | ||
|---|---|---|---|
| 001 | 92221 | ||
| 003 | ES-MaACL | ||
| 005 | 20251013105816.0 | ||
| 007 | t| | ||
| 008 | 050223s1914 es ||||1| spa d | ||
| 245 | 0 | 0 |
_aLibro Araujo _b: 9 de febrero de 1914. |
| 260 |
_aSan Salvador : _b[s.n.], _c1914 ( _fImp. Nacional) |
||
| 300 |
_a211 p., [25] h. de lám. ; _c25 cm. |
||
| 490 | 1 | _aBiblioteca del Ateneo del Salvador | |
| 530 | _aDisponible en formato digital. | ||
| 600 | 1 | 7 |
_aAraujo, Manuel Enrique, _d1865-1913- _vHomenajes _9159123 |
| 830 | 0 | 0 |
_aBiblioteca del Ateneo de El Salvador _9182619 |
| 852 |
_aES-MaACL _jF-793 _cDEPO2 |
||
| 856 | 4 |
_uhttp://bdh-rd.bne.es/viewer.vm?id=0000144514&page=1 _yBiblioteca Digital Hispánica |
|
| 942 | _2udc | ||
| 999 |
_c92221 _d92221 |
||